City Neighbors of Karlsruhe - Statistics

General Stats
  • This quiz has been taken 15 times
  • The average score is 5 of 12
Answer Stats
Hint Answer % Correct
E Ettlingen
100%
R Rheinstetten
53%
S Stutensee
53%
E Eggenstein-Leopoldshafen
40%
W Wörth
40%
P Pfinztal
33%
W Weingarten
33%
K Karlsbad
27%
R Remchingen
27%
W Waldbronn
27%
H Hagenbach
20%
N Neuburg
20%
No matching quizzes found
Score Distribution
Percent of People with Each Score
Percentile by Number Answered
Your Score History
You have not taken this quiz